Catalog

Record Details

Catalog Search



Available copies

  • 0 of 3 copies available at LARL/NWRL Consortium. (Show)
  • 0 of 3 copies available at Northwest Regional Library.

Current holds

0 current holds with 3 total copies.

Show Only Available Copies
Location Call Number / Copy Notes Part Barcode Shelving Location Status Due Date
Thief River Falls Public Library r 333.7 FIN (Text) Volume II 35500005943350 Main Lib Use Only -
Thief River Falls Public Library r 333.7 FIN (Text) Volume I 35500005943368 Main Lib Use Only -
Thief River Falls Public Library r 333.7 FIN (Text) Summary 35500005561061 Main Lib Use Only -

Record details

  • Physical Description: 3 volumes (various pagings) and CD-Rom : ... Read More
  • Publisher: [Washington, D.C.] : United States Department of State, August 2017.

Content descriptions

General Note:
Includes 2 volumes, summary and CD-Rom supplement.
Bibliography, etc. Note:
Includes bibliographical references.
Subject: Environmental impact statements > Minnesota.
Environmental impact statements.
Minnesota.
LDR 01163nam a2200301Ki 4500
001264734
003LARL_NWRL_CONSORTIUM
00520170831162741.0
008170824s2017 mnuab b s000 0 eng d
040 . ‡aMNB ‡cMNB ‡dNRG
035 . ‡a(OCoLC)1001808869
049 . ‡aNRGA
24500. ‡aFinal Supplemental Environmental Impact Statement : ‡bLine 67 Expansion.
2463 . ‡aLine 67 Expansion
2463 . ‡aLine 67
264 1. ‡a[Washington, D.C.] : ‡bUnited States Department of State, ‡cAugust 2017.
300 . ‡a3 volumes (various pagings) and CD-Rom : ‡billustrations, maps (some folded) ; ‡c28 cm
336 . ‡atext ‡btxt ‡2rdacontent
337 . ‡aunmediated ‡bn ‡2rdamedia
338 . ‡avolume ‡bnc ‡2rdacarrier
504 . ‡aIncludes bibliographical references.
500 . ‡aIncludes 2 volumes, summary and CD-Rom supplement.
650 0. ‡aEnvironmental impact statements ‡zMinnesota.
650 7. ‡aEnvironmental impact statements. ‡2fast
651 7. ‡aMinnesota. ‡2fast ‡0(LARL_NWRL_CONSORTIUM)55629
7101 . ‡aMinnesota. ‡bDepartment of Commerce Energy Environmental Review and Analysis, ‡eissuing body.
905 . ‡ubacont
901 . ‡a264734 ‡b ‡c264734 ‡tbiblio ‡soclc

Additional Resources